Femmes marquantes de l’histoire - Statistics

General Stats
  • This quiz has been taken 82 times
  • The average score is 2 of 15
Answer Stats
Description Prénom % Correct
Elle a fondé la nouvelle science de la radioactivité et elle est récipiendaire de deux prix Nobels Marie Curie
99%
Avocate et militante féministe franco-tunisienne, elle a consacré sa vie à la lutte pour les droits des femmes, notamment pour la légalisation de l'avortement en France. Gisèle Halimi
24%
Chanteuse, danseuse et meneuse de revue, elle a aussi été une résistante pendant la Seconde Guerre mondiale et une militante pour les droits civiques aux États-Unis. Josephine Baker
18%
Mathématicienne de talent, elle est considérée comme la première programmeuse informatique Ada Lovelace
7%
Première et seule femme à avoir été Première ministre de l'Inde. Elle a dominé la vie politique indienne pendant des décennies, jouant un rôle majeur dans la politique du pays et dans les relations internationales. Indira Gandhi
7%
Primatologue, éthologue et anthropologue britannique de renommée mondiale, célèbre pour ses études révolutionnaires sur les chimpanzés sauvages en Tanzanie Jane Goodall
4%
Pionnière des soins infirmiers modernes, célèbre pour ses réformes en matière d'hygiène hospitalière durant la guerre de Crimée, ce qui lui a valu le surnom de « la Dame à la lampe ». Florence Nightingale
3%
Militante pour le droit des femmes et des enfants à l'éducation. Plus jeune lauréate du prix Nobel de la paix, elle continue de défendre la cause de l'éducation à l'échelle mondiale Malala Yousafzai
3%
Reine guerrière du peuple celte des Icènes, connue pour avoir mené une rébellion féroce contre l'occupant romain au Ier siècle après J.-C. Boadicée
1%
Elle fonde la Women's Social and Political Union pour faire campagne en faveur du droit de vote parlementaire des femmes dans la Grande-Bretagne édouardienne Emmeline Pankhurst
1%
Son livre, A Vindication of the Rights of Woman , paru en 1792, est considéré comme l'un des textes fondateurs du féminisme moderne Mary Wollstonecraft
1%
Unique impératrice de Chine, elle a régné sur la dynastie Tang avec une main de fer pendant quinze ans. Son règne a été marqué par des réformes administratives et une stabilité politique. Wu Zeitan
1%
Économiste et femme d'État, elle a été la première femme élue présidente d'un pays africain en 2005. Son leadership a été déterminant dans la reconstruction de son pays après une longue guerre civile. Ellen Johnson Sirleaf
0%
Fille d'un riche marchand, elle a fondé l'université d'Al Quaraouiyine à Fès, l'une des plus anciennes universités du monde encore en activité Fatimah al-Fihri
0%
Membre de la nation shoshone, elle a joué un rôle clé comme guide et interprète lors de l’expédition de Lewis et Clark, facilitant les relations avec les tribus locales et contribuant à la connaissance des territoires de l’Ouest. Sacagawea
0%
No matching quizzes found
Score Distribution
Percent of People with Each Score
Percentile by Number Answered
Your Score History
You have not taken this quiz